[Event "35th Zalakaros Open 2016"]
[Site "Zalakaros HUN"]
[Date "2016.05.30"]
[Round "4.32"]
[White "Dragnev, Valentin"]
[Black "Efroimski, Marsel"]
[Result "0-1"]
[WhiteTitle "IM"]
[BlackTitle "WIM"]
[WhiteElo "2423"]
[BlackElo "2268"]
[WhiteFideId "1634852"]
[BlackFideId "2810964"]
[EventDate "2016.05.27"]

1. e4 c5 2. Nf3 d6 3. d4 cxd4 4. Nxd4 Nf6 5. Nc3 Nc6 6. Bc4 e6 7. Be3 Be7 8. O-O
O-O 9. Bb3 Bd7 10. f4 Nxd4 11. Bxd4 Bc6 12. Qe2 b5 13. Nxb5 Bxb5 14. Qxb5 Nxe4
15. f5 e5 16. Be3 Bg5 17. Qe2 Bxe3+ 18. Qxe3 Nf6 19. Rad1 a5 20. Kh1 Rb8 21. Rd3
Rb4 22. a3 Rb6 23. Rfd1 Qc7 24. Qg5 h6 25. Qh4 Qd7 26. Kg1 Ra8 27. a4 Rb4 28.
Qe1 Re4 29. Qg3 Rg4 30. Qe3 Re4 31. Qf3 Rd8 32. h3 Qc7 33. Rc3 Qb8 34. Kh1 Rf4
35. Qe2 Rxf5 36. Re3 Qb6 37. Kh2 Rf4 38. Rf3 Rxf3 39. Qxf3 Qc5 40. Qg3 e4 41.
Rf1 Kf8 42. Kh1 Re8 43. Qf4 Qe5 44. Qxe5 Rxe5 45. c3 Ke7 46. Bd1 Rc5 47. Re1 d5
48. Kg1 Kd6 49. Kf2 Ke5 50. Ke3 Rc4 51. Rf1 d4+ 52. cxd4+ Rxd4 53. Rf5+ Kxf5 54.
Kxd4 Kf4 55. b4 axb4 56. a5 Nd7 57. a6 Nb8 58. Be2 f5 59. g4 fxg4 60. hxg4 e3
61. Bb5 Nxa6 62. Bxa6 Kf3 63. Kd3 Kf2 0-1

[Event "35th Zalakaros Open 2016"]
[Site "Zalakaros HUN"]
[Date "2016.05.30"]
[Round "4.33"]
[White "Piasetski, Leon"]
[Black "Nasuta, Grzegorz"]
[Result "1/2-1/2"]
[WhiteTitle "IM"]
[BlackTitle "IM"]
[WhiteElo "2292"]
[BlackElo "2413"]
[WhiteFideId "2600072"]
[BlackFideId "1141686"]
[EventDate "2016.05.27"]

1. c4 e5 2. g3 Nf6 3. Bg2 d5 4. cxd5 Nxd5 5. Nc3 Nb6 6. Nf3 Nc6 7. a3 Be7 8. b4
O-O 9. O-O Re8 10. d3 Bf8 11. Nd2 Nd4 12. e3 Ne6 13. Nf3 f6 14. Qc2 c6 15. Rd1
Qc7 16. Bb2 Qf7 17. Ne4 a5 18. d4 exd4 19. Nxd4 Nxd4 20. Rxd4 Bf5 21. g4 Be6 22.
Nc5 Bd5 23. e4 Be6 24. h3 axb4 25. axb4 Rxa1+ 26. Bxa1 Ra8 27. Rd1 Bxc5 28. Qxc5
Nd7 29. Qd6 Nf8 30. f4 h5 31. f5 Bb3 32. Rc1 hxg4 33. hxg4 Qd7 34. Qxd7 Nxd7 35.
g5 Kf7 36. g6+ Ke7 37. Kf2 Ne5 38. Rh1 Ra2+ 39. Kg3 Bg8 40. Bxe5 fxe5 41. Rh8
Ra8 42. Bf1 Kf6 43. Kf2 Rc8 44. Ke3 1/2-1/2

[Event "35th Zalakaros Open 2016"]
[Site "Zalakaros HUN"]
[Date "2016.05.30"]
[Round "4.34"]
[White "Meszaros, Tamas"]
[Black "Szalanczy, Emil"]
[Result "1-0"]
[WhiteTitle "IM"]
[BlackTitle "IM"]
[WhiteElo "2409"]
[BlackElo "2218"]
[WhiteFideId "717410"]
[BlackFideId "700347"]
[EventDate "2016.05.27"]

1. e4 c5 2. c3 d5 3. exd5 Qxd5 4. Nf3 Nf6 5. Na3 e6 6. d4 Qd8 7. Bg5 cxd4 8.
Nxd4 Be7 9. Nc4 O-O 10. Qf3 Qd5 11. Qxd5 Nxd5 12. Bxe7 Nxe7 13. O-O-O Nbc6 14.
Nxc6 Nxc6 15. Be2 Rb8 16. Rd6 e5 17. Bf3 Be6 18. Bxc6 Bxc4 19. Bd5 Bxd5 20. Rxd5
f6 21. Rhd1 Rf7 22. Kc2 h5 23. c4 Rc7 24. Kc3 Kh7 25. b4 Rbc8 26. c5 a5 27. a3
b6 28. Kc4 axb4 29. axb4 Ra7 30. Rd7 Ra2 31. R1d2 Ra1 32. Rd8 Rc7 33. R2d7 Rc1+
34. Kb5 Rxd7 35. Rxd7 bxc5 36. bxc5 Rb1+ 37. Ka6 Ra1+ 38. Kb7 Rb1+ 39. Kc7 Rb2
40. c6 Rxf2 41. Kd8 Rxg2 42. c7 Rc2 43. c8=Q Rxc8+ 44. Kxc8 Kg6 45. Kc7 Kf5 46.
Rxg7 e4 47. Kd6 e3 48. Kd5 Kf4 49. Kd4 e2 50. Re7 Kf3 51. Kd3 1-0

[Event "35th Zalakaros Open 2016"]
[Site "Zalakaros HUN"]
[Date "2016.05.30"]
[Round "4.35"]
[White "Csonka, Balazs"]
[Black "Rigo, Janos"]
[Result "1-0"]
[WhiteTitle "FM"]
[BlackTitle "IM"]
[WhiteElo "2400"]
[BlackElo "2238"]
[WhiteFideId "742910"]
[BlackFideId "700371"]
[EventDate "2016.05.27"]

1. d4 Nf6 2. c4 e6 3. Nf3 b6 4. g3 Ba6 5. b3 b5 6. Nbd2 Bb4 7. Bg2 bxc4 8. bxc4
Bxc4 9. Rb1 Bxd2+ 10. Nxd2 Bd5 11. e4 Bc6 12. Ba3 d6 13. Qc2 Qd7 14. O-O O-O 15.
Rfc1 Rc8 16. Rxb8 Raxb8 17. Qxc6 Qxc6 18. Rxc6 Rb6 19. Rc2 Nd7 20. Bf1 c5 21.
dxc5 dxc5 22. Nc4 Ra6 23. Bc1 Ra4 24. Be3 Rc7 25. Bf4 Rb7 26. Kg2 a6 27. Rd2 h6
28. e5 g5 29. Be3 Kf8 30. Rxd7 Rxd7 31. Nb6 Rdd4 32. Nxa4 Rxa4 33. Bxc5+ Kg7 34.
a3 f5 35. Bb4 Kf7 36. Be2 a5 37. Bh5+ Kg7 38. Bd1 axb4 39. Bxa4 bxa3 40. Bb3 Kf7
41. f4 1-0

[Event "35th Zalakaros Open 2016"]
[Site "Zalakaros HUN"]
[Date "2016.05.30"]
[Round "4.36"]
[White "Gyurkovics, Bence Dr."]
[Black "Ben Artzi, Ido"]
[Result "1/2-1/2"]
[BlackTitle "IM"]
[WhiteElo "2233"]
[BlackElo "2399"]
[WhiteFideId "731927"]
[BlackFideId "2810913"]
[EventDate "2016.05.27"]

1. d4 Nf6 2. c4 g6 3. Nc3 d5 4. Nf3 Bg7 5. e3 O-O 6. Qb3 e6 7. Bd2 b6 8. cxd5
exd5 9. Be2 c6 10. O-O Nbd7 11. Rfd1 Re8 12. Rac1 Bb7 13. Ng5 h6 14. Nh3 Bf8 15.
Nf4 Bd6 16. Bd3 g5 17. Nfe2 c5 18. Bf5 cxd4 19. Nxd4 Nc5 20. Qc2 Qe7 1/2-1/2

[Event "35th Zalakaros Open 2016"]
[Site "Zalakaros HUN"]
[Date "2016.05.30"]
[Round "4.37"]
[White "Costachi, Mihnea"]
[Black "Laliena Solanes, Luis"]
[Result "1-0"]
[WhiteTitle "FM"]
[WhiteElo "2397"]
[BlackElo "2205"]
[WhiteFideId "1217518"]
[BlackFideId "2212560"]
[EventDate "2016.05.27"]

1. d4 d5 2. c4 dxc4 3. Nf3 Nf6 4. e3 Bg4 5. Bxc4 e6 6. h3 Bh5 7. Nc3 Nbd7 8. O-O
Bb4 9. Be2 O-O 10. a3 Bxc3 11. bxc3 c5 12. Rb1 Qc7 13. Qb3 Rab8 14. Bb2 e5 15.
Rfe1 e4 16. Nd2 Bxe2 17. Rxe2 b5 18. Qc2 Rfe8 19. c4 b4 20. dxc5 bxa3 21. Bxa3
Rxb1+ 22. Nxb1 Nxc5 23. Nc3 Nd3 24. Nxe4 Rxe4 25. Qxd3 Qxc4 26. Qd1 Re8 27. Rd2
h6 28. Bb2 Re6 29. Rd4 Qc6 30. Qd3 Re8 31. Rf4 Re6 32. Rc4 Qb7 33. Qc2 g6 34.
Rc7 Qb4 35. Rxa7 Rb6 36. Qc7 Qb3 37. Qd8+ Kg7 38. Ra8 1-0

[Event "35th Zalakaros Open 2016"]
[Site "Zalakaros HUN"]
[Date "2016.05.30"]
[Round "4.38"]
[White "Hristodoulou, Panagiotis"]
[Black "Farago, Ivan"]
[Result "0-1"]
[WhiteTitle "FM"]
[BlackTitle "GM"]
[WhiteElo "2245"]
[BlackElo "2391"]
[WhiteFideId "4214340"]
[BlackFideId "700134"]
[EventDate "2016.05.27"]

1. e4 e6 2. d4 d5 3. Nc3 Bb4 4. e5 c5 5. a3 Bxc3+ 6. bxc3 Qa5 7. Bd2 Qa4 8. Qg4
Kf8 9. Qd1 Nc6 10. Nf3 b6 11. Rb1 Ba6 12. Bxa6 Qxa6 13. dxc5 Nge7 14. Qe2 Qxe2+
15. Kxe2 f6 16. cxb6 axb6 17. Rxb6 Kf7 18. exf6 gxf6 19. Nd4 Nxd4+ 20. cxd4 Nf5
21. Ra1 Nxd4+ 22. Kd3 e5 23. a4 Rhc8 24. Bc3 Ne6 25. Bb4 Rc4 26. a5 Nd4 27. Ra2
e4+ 28. Kd2 Nc6 29. c3 d4 30. a6 Rd8 31. Kc1 dxc3 32. a7 Nxb4 33. Rxb4 Rxb4 34.
a8=Q Rxa8 35. Rxa8 Rb2 36. Ra4 Rxf2 37. Rxe4 Rxg2 38. Rc4 c2 39. Rxc2 Rxc2+ 40.
Kxc2 Ke6 41. Kd2 Ke5 42. Ke3 f5 43. Kf3 f4 44. Kf2 Ke4 45. Ke2 f3+ 46. Kf2 Kf4
47. Kf1 Ke3 48. Ke1 f2+ 49. Kf1 Kf3 50. h3 Kg3 51. h4 h5 0-1

[Event "35th Zalakaros Open 2016"]
[Site "Zalakaros HUN"]
[Date "2016.05.30"]
[Round "4.39"]
[White "Skawinski, Arkadiusz"]
[Black "Skuhala, Jernej"]
[Result "1-0"]
[WhiteTitle "FM"]
[WhiteElo "2367"]
[BlackElo "2142"]
[WhiteFideId "1126415"]
[BlackFideId "14605651"]
[EventDate "2016.05.27"]

1. d4 Nf6 2. Nf3 e6 3. Bf4 d5 4. e3 c5 5. c3 Nc6 6. Bd3 Bd6 7. O-O O-O 8. Nbd2
b6 9. Re1 h6 10. Qe2 Bb7 11. Rad1 Re8 12. Bxd6 Qxd6 13. dxc5 Qxc5 14. e4 dxe4
15. Nxe4 Nxe4 16. Qxe4 g6 17. Rd2 Rab8 18. Red1 Ne7 19. Qf4 Kg7 20. Ne5 Nf5 21.
Nd7 Qc6 22. Qe5+ Kg8 23. Nf6+ Kf8 24. Be4 1-0

[Event "35th Zalakaros Open 2016"]
[Site "Zalakaros HUN"]
[Date "2016.05.30"]
[Round "4.40"]
[White "Balint, Vilmos"]
[Black "Nomin-Erdene, Davaademberel"]
[Result "0-1"]
[BlackTitle "IM"]
[WhiteElo "2289"]
[BlackElo "2448"]
[WhiteFideId "718050"]
[BlackFideId "4900782"]
[EventDate "2016.05.27"]

1. Nf3 d5 2. g3 Nc6 3. d4 Bf5 4. Bg2 Nb4 5. Na3 e6 6. Nh4 Bg4 7. c3 Nc6 8. O-O
Nf6 9. Qd3 Be7 10. h3 Bh5 11. c4 Nb4 12. Qd2 Ne4 13. Bxe4 dxe4 14. Ng2 f5 15.
Nb5 Bf7 16. a3 Nc6 17. d5 Ne5 18. Qd4 Ng6 19. dxe6 Bxe6 20. Qxg7 Bxc4 21. Nf4
Bxb5 22. Nxg6 Bf6 23. Qh6 hxg6 24. Qxg6+ Ke7 25. Qxf5 Bc6 26. Bg5 Qd6 27. Rac1
Rag8 28. Bxf6+ Qxf6 29. Qa5 Qd6 30. Rfd1 Rxg3+ 31. Kf1 Qf4 32. Rc5 Rhxh3 33.
Re5+ Kf6 34. Rd6+ cxd6 0-1

[Event "35th Zalakaros Open 2016"]
[Site "Zalakaros HUN"]
[Date "2016.05.30"]
[Round "4.41"]
[White "Kantor, Gergely"]
[Black "Barski, Radoslaw"]
[Result "1/2-1/2"]
[WhiteTitle "IM"]
[WhiteElo "2424"]
[BlackElo "2324"]
[WhiteFideId "751499"]
[BlackFideId "1131710"]
[EventDate "2016.05.27"]

1. d4 Nf6 2. c4 g6 3. g3 Bg7 4. Bg2 O-O 5. Nc3 d6 6. Nf3 Nc6 7. O-O e5 8. d5 Nb8
9. e4 a5 10. a3 Nbd7 11. Be3 Nc5 12. Qc2 Ng4 13. Bxc5 dxc5 14. Ne1 f5 15. h3 Nh6
16. exf5 Nxf5 17. Nd3 Nd4 18. Qd1 b6 19. Re1 Bf5 20. Rc1 Qc8 21. g4 Bxd3 22.
Qxd3 Qd7 23. Rcd1 1/2-1/2

[Event "35th Zalakaros Open 2016"]
[Site "Zalakaros HUN"]
[Date "2016.05.30"]
[Round "4.42"]
[White "Vegh, Endre"]
[Black "Hnydiuk, Aleksander"]
[Result "0-1"]
[WhiteTitle "IM"]
[BlackTitle "IM"]
[WhiteElo "2271"]
[BlackElo "2381"]
[WhiteFideId "700568"]
[BlackFideId "1109057"]
[EventDate "2016.05.27"]

1. d4 Nf6 2. Bg5 d5 3. e3 c5 4. Bxf6 gxf6 5. dxc5 e6 6. c4 dxc4 7. Nd2 Na6 8. c6
bxc6 9. Bxc4 Rb8 10. b3 Nb4 11. Qb1 f5 12. a3 Nd5 13. Ne2 Nb6 14. Bd3 Nd7 15.
Nf3 Nc5 16. Bc4 Ba6 17. Bxa6 Qa5+ 18. b4 Qxa6 19. Ra2 Nd3+ 20. Kf1 Bg7 21. Rd2
Nc5 22. Qc2 Ne4 23. Rd3 O-O 24. g3 c5 25. Kg2 Rfc8 26. Rhd1 cxb4 27. Qa2 b3 28.
Qb1 Nc5 29. R3d2 Ne4 30. Rd3 b2 31. Nfd4 Nc5 32. Rc3 Na4 33. Rcd3 Qb7+ 34. Kg1
Qe4 35. f3 Qb7 36. Kf2 Qa6 37. Nb3 h6 38. Nbd4 Bf6 39. Nb3 Rc7 40. Nbd4 Qc8 41.
R3d2 Kg7 42. Kg2 Bxd4 43. exd4 Nc3 44. Nxc3 Rxc3 0-1

[Event "35th Zalakaros Open 2016"]
[Site "Zalakaros HUN"]
[Date "2016.05.30"]
[Round "4.43"]
[White "Paszewski, Mateusz"]
[Black "Paschall, William M."]
[Result "1/2-1/2"]
[BlackTitle "IM"]
[WhiteElo "2218"]
[BlackElo "2377"]
[WhiteFideId "1141058"]
[BlackFideId "2005379"]
[EventDate "2016.05.27"]

1. d4 Nf6 2. c4 e6 3. Nc3 Bb4 4. Qc2 Nc6 5. Nf3 d6 6. Bd2 O-O 7. a3 Bxc3 8. Bxc3
a5 9. b3 Qe7 10. e3 e5 11. d5 Nb8 12. Be2 Ng4 13. h3 Nh6 14. O-O f5 15. Rae1 g5
16. Nd2 f4 17. Bd3 Nd7 18. g4 Nc5 19. f3 Bd7 20. Ne4 Nxd3 21. Qxd3 Be8 22. h4
Bg6 23. hxg5 Bxe4 24. Qxe4 Qxg5 25. Bd2 fxe3 26. Bxe3 Qg7 27. Kh1 Nf7 28. Qf5 h6
29. Qh5 Ng5 30. Kg2 Rf7 31. Bxg5 hxg5 32. Rh1 Raf8 33. Rh3 e4 1/2-1/2

[Event "35th Zalakaros Open 2016"]
[Site "Zalakaros HUN"]
[Date "2016.05.30"]
[Round "4.44"]
[White "Dankhazi, Andras"]
[Black "Havasi, Gergo"]
[Result "0-1"]
[WhiteTitle "FM"]
[WhiteElo "2267"]
[BlackElo "2367"]
[WhiteFideId "714267"]
[BlackFideId "760293"]
[EventDate "2016.05.27"]

1. c4 e5 2. g3 Nf6 3. Bg2 Nc6 4. Nc3 Bb4 5. Nd5 Bc5 6. e3 O-O 7. Ne2 a6 8. d4
Ba7 9. Nxf6+ Qxf6 10. d5 Ne7 11. d6 Qxd6 12. Qxd6 cxd6 13. Nc3 Rb8 14. a4 Bc5
15. Bd2 b6 16. Nd5 Nxd5 17. Bxd5 a5 18. Bc3 Bb7 19. Rd1 Bxd5 20. Rxd5 f5 21. Bd2
Rbe8 22. Ke2 f4 23. f3 Re6 24. e4 Rg6 25. g4 h5 26. h3 Kf7 27. Kf1 Rh8 28. g5 h4
29. Be1 Rh5 30. Rd2 Rhxg5 31. Bf2 Rg2 32. Re2 Bxf2 33. Rxf2 Rxf2+ 34. Kxf2 Rg3
35. b4 axb4 36. Rb1 Rxh3 37. Rxb4 Rh2+ 38. Kg1 Ra2 39. Rxb6 Ke7 40. Ra6 h3 41.
Ra8 Ra3 42. Kf2 h2 43. Kg2 Rxf3 44. Kxh2 Rc3 0-1

[Event "35th Zalakaros Open 2016"]
[Site "Zalakaros HUN"]
[Date "2016.05.30"]
[Round "4.45"]
[White "Nihal, Sarin"]
[Black "Goczo, Melinda"]
[Result "1/2-1/2"]
[WhiteTitle "FM"]
[BlackTitle "WIM"]
[WhiteElo "2349"]
[BlackElo "2175"]
[WhiteFideId "25092340"]
[BlackFideId "711985"]
[EventDate "2016.05.27"]

1. e4 c5 2. Nf3 d6 3. d4 cxd4 4. Nxd4 Nf6 5. Nc3 g6 6. Be3 Bg7 7. f3 O-O 8. Qd2
Re8 9. Bc4 Nc6 10. O-O-O Ne5 11. Bb3 Bd7 12. h4 b5 13. h5 Nc4 14. Bxc4 bxc4 15.
hxg6 fxg6 16. g4 Rb8 17. e5 dxe5 18. Nf5 Bxf5 19. Qh2 Qa5 20. gxf5 Qb4 21. Qxe5
Qxb2+ 22. Kd2 Rbd8+ 23. Ke1 Rxd1+ 24. Kxd1 Rd8+ 25. Ke2 Qxc2+ 26. Kf1 Ng4 27.
Qe6+ Kh8 28. fxg4 Qxc3 29. fxg6 Rf8+ 30. Bf2 h6 31. Qxe7 Qd2 32. Qe2 Qd5 33. Rh5
Qc6 34. Kg1 c3 35. Rc5 Qxg6 36. Kg2 Re8 37. Qf3 Qe4 38. Rc7 a6 39. a3 Kh7 40.
Rc6 a5 41. Bb6 Qc2+ 42. Kh3 Rf8 43. Qe3 Qb1 44. Rc7 Qd1 45. Rxg7+ Kxg7 46. Qe7+
Rf7 47. Qe5+ Kg8 48. Qe8+ Kg7 49. Qe5+ Kg8 50. Qe8+ 1/2-1/2

[Event "35th Zalakaros Open 2016"]
[Site "Zalakaros HUN"]
[Date "2016.05.30"]
[Round "4.46"]
[White "Boguszlavszkij, Jevgenyij"]
[Black "Kozak, Adam"]
[Result "0-1"]
[WhiteTitle "IM"]
[BlackTitle "FM"]
[WhiteElo "2212"]
[BlackElo "2347"]
[WhiteFideId "700614"]
[BlackFideId "753246"]
[EventDate "2016.05.27"]

1. g3 d5 2. Bg2 Nf6 3. d4 Bf5 4. Nd2 e6 5. c3 Be7 6. Qb3 Qc8 7. f3 c5 8. e4 Bg6
9. Ne2 Nc6 10. a3 O-O 11. e5 Nd7 12. f4 Na5 13. Qa4 Qc7 14. O-O cxd4 15. Nxd4
Nc5 16. Qd1 Nc6 17. N2f3 Be4 18. Nxc6 bxc6 19. b4 Nd7 20. Be3 c5 21. Rc1 Nb6 22.
Nd2 Bxg2 23. Kxg2 Rfc8 24. Bf2 a5 25. Nb3 Nc4 26. bxc5 Nxa3 27. Bd4 a4 28. Nd2
Bxc5 29. Ra1 Bxd4 30. cxd4 Nc2 31. Qh5 Nxa1 32. f5 exf5 33. Nf3 Nc2 0-1

[Event "35th Zalakaros Open 2016"]
[Site "Zalakaros HUN"]
[Date "2016.05.30"]
[Round "4.47"]
[White "Balokas, Dimitrios"]
[Black "Thakur, Akash"]
[Result "0-1"]
[BlackTitle "FM"]
[WhiteElo "2170"]
[BlackElo "2345"]
[WhiteFideId "4216920"]
[BlackFideId "5008514"]
[EventDate "2016.05.27"]

1. c4 Nf6 2. Nc3 e5 3. g3 Nc6 4. Bg2 Bb4 5. Nf3 d6 6. O-O O-O 7. d3 h6 8. Qc2
Bg4 9. a3 Bxc3 10. bxc3 Qd7 11. Rb1 b6 12. e4 Bh3 13. Nh4 Bxg2 14. Kxg2 Nh7 15.
Be3 Ne7 16. d4 f5 17. exf5 Nxf5 18. Nxf5 Rxf5 19. Qe2 Raf8 20. c5 bxc5 21. dxc5
d5 22. f4 Nf6 23. h3 Ne4 24. fxe5 Nxc3 25. Qg4 Nxb1 26. Rxb1 Qf7 27. Bf4 g5 28.
Re1 h5 29. e6 hxg4 30. exf7+ R5xf7 31. Bxg5 Rf2+ 32. Kg1 gxh3 33. Bf4 Rg2+ 34.
Kh1 c6 35. Re6 Kf7 36. Re1 Re8 37. Rf1 Kg6 0-1

[Event "35th Zalakaros Open 2016"]
[Site "Zalakaros HUN"]
[Date "2016.05.30"]
[Round "4.48"]
[White "Nemec, Vjekoslav"]
[Black "Tesik, Csaba"]
[Result "1/2-1/2"]
[BlackTitle "FM"]
[WhiteElo "2175"]
[BlackElo "2333"]
[WhiteFideId "14540274"]
[BlackFideId "735582"]
[EventDate "2016.05.27"]

1. c4 Nf6 2. Nf3 g6 3. g3 Bg7 4. Bg2 O-O 5. O-O d6 6. Nc3 Nc6 7. d3 e5 8. Rb1 h6
9. b4 Be6 10. b5 Ne7 11. h3 Qc8 12. Kh2 Nh5 13. Nd2 f5 14. Nd5 Nxd5 15. cxd5 Bf7
16. Qc2 Nf6 17. e4 f4 18. Ba3 Qd8 19. Rbc1 Rc8 20. Bb4 Be8 21. a4 Bd7 22. d4
exd4 23. e5 Bf5 24. Qb3 fxg3+ 25. fxg3 Ne8 26. exd6 Nxd6 27. Nc4 h5 28. a5 Qd7
29. b6 axb6 30. Bxd6 cxd6 31. Nxb6 Rxc1 32. Nxd7 Rxf1 33. Bxf1 Bxd7 34. Kg2 Bf5
35. Bd3 Bxd3 36. Qxd3 Kh7 37. Qb5 Rf7 38. Qb6 Be5 1/2-1/2

[Event "35th Zalakaros Open 2016"]
[Site "Zalakaros HUN"]
[Date "2016.05.30"]
[Round "4.49"]
[White "Laza, Szabolcs"]
[Black "Konopka, Michal"]
[Result "0-1"]
[BlackTitle "IM"]
[WhiteElo "2168"]
[BlackElo "2418"]
[WhiteFideId "741345"]
[BlackFideId "308633"]
[EventDate "2016.05.27"]

1. d4 Nf6 2. c4 g6 3. Nc3 d5 4. cxd5 Nxd5 5. Na4 Bg7 6. e4 Nb6 7. Be3 O-O 8. Nf3
Bg4 9. Nc5 Nc6 10. Nxb7 Qb8 11. Ba6 Nb4 12. Nc5 Bxf3 13. gxf3 Bxd4 14. Bxd4 Rd8
15. O-O Nxa6 16. Nxa6 Qc8 17. Nxc7 Qxc7 18. Bxb6 axb6 19. Qb3 Ra5 20. Qe3 Rh5
21. f4 Rh4 22. Rac1 Rg4+ 23. Kh1 Qxf4 24. Qxf4 Rxf4 25. Rc6 Rxe4 26. Rxb6 Rd2
27. a3 Ree2 28. b4 Ra2 29. Ra6 Reb2 30. Ra4 Rb3 31. Kg2 Raxa3 32. Rxa3 Rxa3 33.
Rb1 Kf8 34. b5 Ke8 35. b6 Ra8 36. Kf3 Kd7 37. Kf4 h6 38. h4 Kc6 39. h5 gxh5 40.
Re1 Ra4+ 41. Kf3 e6 42. Re5 Rg4 43. Rxh5 Rg6 44. b7 Kxb7 45. Rc5 Rg5 46. Rc1 Kb6
47. Rc4 h5 48. Rc8 Rc5 49. Rh8 Kc7 50. Kg3 Kd6 51. Rd8+ Ke7 52. Ra8 Kf6 53. Rh8
Kg7 54. Ra8 Rg5+ 55. Kf4 Kf6 56. Rh8 e5+ 57. Kf3 Rf5+ 58. Kg3 e4 59. Re8 Rf3+
60. Kh4 Kf5 61. Re7 f6 62. Ra7 Rxf2 63. Ra5+ Kf4 64. Kh3 f5 65. Rb5 Rd2 66. Rb4
Kf3 67. Rb3+ e3 68. Ra3 f4 69. Rb3 Kf2 70. Ra3 f3 71. Rb3 e2 0-1

[Event "35th Zalakaros Open 2016"]
[Site "Zalakaros HUN"]
[Date "2016.05.30"]
[Round "4.50"]
[White "Damia, Angelo"]
[Black "Del Rey, Diego"]
[Result "1/2-1/2"]
[WhiteTitle "FM"]
[BlackTitle "IM"]
[WhiteElo "2254"]
[BlackElo "2388"]
[WhiteFideId "812668"]
[BlackFideId "102164"]
[EventDate "2016.05.27"]

1. e4 c6 2. d4 d5 3. exd5 cxd5 4. Bd3 Nc6 5. c3 Qc7 6. Ne2 Bg4 7. f3 Bd7 8. Bf4
e5 9. dxe5 Nxe5 10. Na3 a6 11. Bxe5 Qxe5 12. Nc2 Bd6 13. Qd2 Ne7 14. O-O-O O-O-O
15. Qe3 Nc6 16. Kb1 Qf6 17. f4 h5 18. Qb6 Bc7 19. Qc5 Rhe8 20. Rdf1 Bf5 21.
Bxf5+ Qxf5 22. Rf2 h4 23. Nd4 Nxd4 24. Qxd4 Re4 25. Qd3 Bb6 26. Rf3 g6 27. Rd1
Kb8 28. a3 Ka7 29. g3 h3 30. Kc1 Qg4 31. Nb4 f5 32. Qf1 d4 33. cxd4 Rdxd4 34.
Nd5 Rxd1+ 35. Qxd1 Bd4 36. Nc3 Bxc3 37. Rxc3 Qe2 38. Qg1+ Kb8 39. Rc2 Qb5 40.
Qd1 Qe8 41. Qd6+ Ka8 42. Rd2 Re1+ 43. Kc2 Qc8+ 44. Kb3 Qg8+ 45. Kb4 Re4+ 46. Rd4
Re8 47. b3 Rc8 48. Qe7 Re8 49. Qf6 Ka7 50. Rd7 Re4+ 51. Ka5 Qe6 52. Qxe6 Rxe6
53. Rh7 Re3 54. Kb4 a5+ 55. Kc4 Re4+ 56. Kc3 Re3+ 57. Kc4 Re4+ 58. Kd3 a4 59. b4
Re1 60. Rxh3 Ra1 61. Rh6 Rxa3+ 62. Kc4 Re3 63. Rxg6 a3 64. Rd6 a2 65. Rd1 Kb6
66. Ra1 Ra3 67. b5 Ka5 68. b6 Ka4 69. h4 Ka5 70. Kc5 Ka4 71. Kc4 Ka5 72. h5 Kxb6
73. h6 Rxg3 74. Rxa2 Rh3 75. Kd5 Rxh6 76. Ke5 Rh5 77. Rg2 Kc5 1/2-1/2

[Event "35th Zalakaros Open 2016"]
[Site "Zalakaros HUN"]
[Date "2016.05.30"]
[Round "4.51"]
[White "Tompa, Janos"]
[Black "Marosi, Levente"]
[Result "1-0"]
[WhiteTitle "IM"]
[BlackTitle "FM"]
[WhiteElo "2384"]
[BlackElo "2318"]
[WhiteFideId "700193"]
[BlackFideId "747181"]
[EventDate "2016.05.27"]

1. Nf3 Nf6 2. g3 g6 3. b3 Bg7 4. Bb2 O-O 5. Bg2 d6 6. O-O e5 7. c4 Re8 8. d3 Bd7
9. Nc3 Qc8 10. Ng5 h6 11. Nge4 Nh7 12. Nd5 f5 13. Nd2 c6 14. Nc3 Na6 15. a3 Nf6
16. b4 Nc7 17. Rc1 Ne6 18. Nb3 f4 19. Ne4 Nxe4 20. dxe4 Qc7 21. Qd2 Rad8 22. c5
Bc8 23. cxd6 Rxd6 24. Qc2 Red8 25. Qb1 Qf7 26. Bc3 Ng5 27. f3 Be6 28. Nc5 Bc4
29. gxf4 Qxf4 30. Nxb7 Bxe2 31. Qa2+ Kh7 32. Qxe2 Nh3+ 33. Kh1 Rd2 34. Bxd2 Rxd2
35. Qe1 Nf2+ 36. Rxf2 Rxf2 37. Qxf2 Qxc1+ 38. Qg1 Qxa3 39. Na5 Qxb4 40. Nxc6 Qc3
41. Nxa7 Bf8 42. Qf1 h5 43. Bh3 Qc2 44. Be6 Bc5 45. Nb5 Be7 46. Bc4 Bd8 47. Bd3
Qc5 48. Qe1 Bb6 49. Kg2 Kg7 50. Qf1 Kh7 51. Bc4 Kg7 52. Nc3 Qd4 53. Nd5 Bc5 54.
Be2 Kh7 55. Kg3 Qd2 56. Qd1 Qg5+ 57. Kh3 Bf2 58. Qf1 Qh4+ 59. Kg2 Bd4 60. f4 g5
61. Qf3 g4 62. Qg3 Qd8 63. fxe5 Qg5 64. Qf4 Qxe5 65. Qxe5 Bxe5 66. Bb5 h4 67.
Bd7 h3+ 68. Kg1 g3 69. hxg3 Bxg3 70. Bxh3 Kg6 71. Kg2 Be5 72. Kf3 Kg5 73. Ne3
Bf4 74. Bc8 Bc7 75. Ng4 Kg6 76. e5 Bxe5 77. Nxe5+ Kf6 78. Kf4 Kg7 79. Kg5 Kg8
80. Kf6 Kh8 81. Nf7+ Kh7 82. Bf5+ Kg8 83. Be4 Kf8 84. Bh7 Ke8 85. Ne5 Kd8 86.
Ke6 Kc7 87. Nd7 Kc6 88. Bd3 Kc7 89. Bb5 Kd8 90. Nb6 Kc7 91. Nd5+ Kd8 92. Kf7 Kc8
93. Ke7 Kb8 94. Ba6 Ka7 95. Bc8 Kb8 96. Kd8 Ka7 97. Kc7 Ka8 98. Nb4 Ka7 99. Nc6+
Ka8 100. Bb7# 1-0

[Event "35th Zalakaros Open 2016"]
[Site "Zalakaros HUN"]
[Date "2016.05.30"]
[Round "4.52"]
[White "Krstulovic, Alex"]
[Black "Dolana, Andrei-Theodor"]
[Result "1/2-1/2"]
[WhiteTitle "FM"]
[BlackTitle "FM"]
[WhiteElo "2292"]
[BlackElo "2354"]
[WhiteFideId "760056"]
[BlackFideId "1219804"]
[EventDate "2016.05.27"]

1. d4 Nf6 2. c4 e6 3. Nf3 c5 4. d5 exd5 5. cxd5 d6 6. Nc3 g6 7. Nd2 Bg7 8. e4
O-O 9. Be2 Re8 10. O-O Nbd7 11. a4 Rb8 12. f3 Nh5 13. Nc4 Ne5 14. Be3 f5 15. Qd2
fxe4 16. Nxe4 Nxc4 17. Bxc4 Bf5 18. Bg5 Qb6 19. Bb5 Rf8 20. Be7 Bd4+ 21. Kh1
Bxe4 22. fxe4 Rxf1+ 23. Rxf1 Qc7 24. Bg5 Rf8 25. Rxf8+ Kxf8 26. Bh6+ Bg7 27. g4
Bxh6 28. Qxh6+ Qg7 29. Qxg7+ Nxg7 30. h4 Ke7 31. g5 Ne8 1/2-1/2